Catálogo del Museo Comercial (Record no. 44030)

MARC details
000 -LEADER
campo de control de longitud fija 00743nam a2200193 i 4500
001 - NÚMERO DE CONTROL
campo de control 44030
003 - IDENTIFICADOR DE NÚMERO DE CONTROL
campo de control ES-MaACL
005 - FECHA Y HORA DE LA ÚLTIMA TRANSACCIÓN
campo de control 20250902004948.0
007 - CAMPO FIJO DE DESCRIPCIÓN FÍSICA--INFORMACIÓN GENERAL
campo de control de longitud fija t|
008 - DATOS DE LONGITUD FIJA--INFORMACIÓN GENERAL
campo de control de longitud fija 030320s1910 sp ||||1| spa d
110 2# - ENTRADA PRINCIPAL--NOMBRE DE ENTIDAD CORPORATIVA
Nombre de entidad corporativa o nombre de jurisdicción como elemento de entrada Centro de Información Comercial (España)
9 (RLIN) 149580
245 10 - MENCIÓN DEL TÍTULO
Título Catálogo del Museo Comercial
Resto del título : (sección de Marruecos).
260 ## - PUBLICACIÓN, DISTRIBUCIÓN, ETC.
Lugar de publicación, distribución, etc. Madrid :
Nombre del editor, distribuidor, etc. Centro de Información Comercial,
Fecha de publicación, distribución, etc. 1910 (
Fabricante Imp. del Ministerio de Estado)
300 ## - DESCRIPCIÓN FÍSICA
Extensión 20 p. ;
Dimensiones 23 cm.
594 ## - Nota al título y mención de responsabilidad
Nota al título y mención de responsabilidad Precede al tit.: Ministerio de Estado, Centro de Información Comercial.
650 #4 - PUNTO DE ACCESO ADICIONAL DE MATERIA--TÉRMINO DE MATERIA
Término de materia o nombre geográfico como elemento de entrada Mercancías-
Subdivisión general Precios-
Subdivisión geográfica Marruecos.
9 (RLIN) 157382
852 ## - LOCALIZACIÓN
Ubicación ES-MaACL
Número de control de estantería T-1217-F-9
Nota libre .- Enc. en un vol. facticio conservando la cub. original
Holdings
Estatus retirado Estado de pérdida Estado de daño No para préstamo Colección Biblioteca de origen Biblioteca actual Ubicación en estantería Fecha de adquisición Fuente de adquisición Total de préstamos Signatura topográfica completa Código de barras Visto por última vez Precio de reemplazo Tipo de ítem Koha
        Colección de folletos Biblioteca del Ateneo de Madrid Biblioteca del Ateneo de Madrid Depósito folletos 17/01/2008     T-1217-F-9 1046342 23/02/2023 23/02/2023 Folleto